00506nam a2200169Ia 450000500170000000800410001704000190005804100120007708200160008924500720010526000340017730000170021150400340022865000330026270000310029585000100032620230227093231.0131103s9999 xx 000 0 und d aLoreto College aEnglish a821.08bCOU 4aThe Oxford book of balladscchosen & edited by Arthur Quiller-Couch aOxfordbClarendon Pressc1955 axxiii,871p.  aIncludes index of first lines aEnglish Poetry - Collections aQuiller-Couch, Arthur, ed. aLCLIB